000 00586nam a2200181Ia 4500
008 090124s9999 xx 000 0 und d
082 _b9585
100 _aपार्थसारथी इंदिरा
245 _a औरंगजेब
250 _a1
260 _bविश्र्वमोहिनी प्रकाशन
_c1977
300 _a80
600 _aपार्थसारथी इंदिरा
630 _a औरंगजेब
700 _aपार्थसारथी इंदिरा
730 _a औरंगजेब
942 _cBOOK
999 _c86081
_d86081